[Event "Augsburg Afro op-A 18th"]
[Site "Augsburg"]
[Date "2011.08.06"]
[Round "5"]
[White "Herrmann, Sebastian"]
[Black "Fehmer, Dirk"]
[Result "1/2-1/2"]
[WhiteElo "1955"]
[BlackElo "2086"]
[PlyCount "34"]
[EventDate "2011.08.04"]
[EventType "swiss"]
[EventRounds "7"]
[EventCountry "GER"]
[SourceTitle "EXT 2015"]
[Source "ChessBase"]
[SourceDate "2014.11.20"]
[SourceVersion "1"]
[SourceVersionDate "2014.11.20"]
[SourceQuality "1"]

1. e4 c5 2. Nf3 g6 3. d4 cxd4 4. Nxd4 Bg7 5. c4 Nf6 6. Nc3 Nc6 7. Nc2 d6 8. Be2 0-0 9. 0-0 Be6 10. Be3 Qc8 11. Rc1 Ng4 12. Bxg4 Bxg4 13. Qd2 Re8 14. Nd4 Nxd4 15. Bxd4 Bxd4 16. Qxd4 Be6 17. Nd5 Bxd5 1/2-1/2

[Event "Augsburg Afro op-A 18th"]
[Site "Augsburg"]
[Date "2011.08.06"]
[Round "6"]
[White "Klapper, Juergen"]
[Black "Herrmann, Sebastian"]
[Result "1/2-1/2"]
[WhiteElo "1838"]
[BlackElo "1955"]
[PlyCount "84"]
[EventDate "2011.08.04"]
[EventType "swiss"]
[EventRounds "7"]
[EventCountry "GER"]
[SourceTitle "EXT 2015"]
[Source "ChessBase"]
[SourceDate "2014.11.20"]
[SourceVersion "1"]
[SourceVersionDate "2014.11.20"]
[SourceQuality "1"]

1. d4 d5 2. c4 e6 3. Nc3 Be7 4. Bf4 Nf6 5. e3 0-0 6. c5 b6 7. b4 a5 8. a3 axb4 9. axb4 Rxa1 10. Qxa1 bxc5 11. bxc5 Nh5 12. Bg3 Nc6 13. Bb5 Bd7 14. Bxc6 Bxc6 15. Nf3 Nxg3 16. hxg3 Qb8 17. 0-0 f6 18. Rb1 Qa8 19. Ne1 Qxa1 20. Rxa1 Ra8 21. Rxa8+ Bxa8 22. Nc2 Kf7 23. Nb4 Ke8 24. Nca2 Kd7 25. Nc1 Bd8 26. Nb3 Bc6 27. Nxc6 Kxc6 28. Kf1 Kb5 29. Ke2 Kb4 30. Nd2 Kc3 31. f4 h6 32. g4 e5 33. fxe5 fxe5 34. Nf3 exd4 35. Nxd4 Bf6 36. Nb5+ Kc4 37. Nxc7 Kxc5 38. Ne6+ Kd6 39. Nf4 Ke5 40. Kf3 Bd8 41. Nh5 Bf6 42. Nf4 Bd8 1/2-1/2

[Event "Augsburg Afro op-A 18th"]
[Site "Augsburg"]
[Date "2011.08.04"]
[Round "1"]
[White "Krug, Norbert"]
[Black "Herrmann, Sebastian"]
[Result "1-0"]
[WhiteElo "2215"]
[BlackElo "1955"]
[PlyCount "95"]
[EventDate "2011.08.04"]
[EventType "swiss"]
[EventRounds "7"]
[EventCountry "GER"]
[SourceTitle "EXT 2015"]
[Source "ChessBase"]
[SourceDate "2014.11.20"]
[SourceVersion "1"]
[SourceVersionDate "2014.11.20"]
[SourceQuality "1"]

1. d4 d5 2. Nf3 Nf6 3. c4 e6 4. Nc3 Be7 5. Bg5 h6 6. Bh4 0-0 7. e3 b6 8. cxd5 Nxd5 9. Nxd5 exd5 10. Bxe7 Qxe7 11. Qd2 a5 12. Rc1 Be6 13. Ne5 c5 14. Be2 Rc8 15. 0-0 Nd7 16. f4 Nxe5 17. dxe5 d4 18. a3 dxe3 19. Qxe3 Bd5 20. Rc3 Rd8 21. Rd1 Bb7 22. Rcd3 Rxd3 23. Qxd3 Ba6 24. Qd5 Qa7 25. Bh5 Re8 26. f5 Bc8 27. e6 fxe6 28. Qd8 Rf8 29. Bg6 exf5 30. Bh7+ Kxh7 31. Qxf8 Be6 32. Rd6 Qf7 33. Qxf7 Bxf7 34. Rxb6 a4 35. Rb5 Kg6 36. Rxc5 Kg5 37. Rc7 Kf6 38. Kf2 Bb3 39. Ke3 g6 40. h4 g5 41. Rc6+ Ke5 42. Rc5+ Ke6 43. g3 Bd5 44. Ra5 f4+ 45. gxf4 gxh4 46. f5+ Ke5 47. f6 Kd6 48. Rxd5+ 1-0

[Event "Karl Mala Memorial op 14th"]
[Site "Frankfurt"]
[Date "2011.07.09"]
[Round "5"]
[White "Suendorf, Dominik"]
[Black "Herrmann, Sebastian"]
[Result "0-1"]
[WhiteElo "1758"]
[BlackElo "1955"]
[PlyCount "80"]
[EventDate "2011.07.07"]
[EventType "swiss"]
[EventRounds "7"]
[EventCountry "GER"]
[SourceTitle "EXT 2012"]
[Source "ChessBase"]
[SourceDate "2011.11.24"]
[SourceVersion "1"]
[SourceVersionDate "2011.11.24"]
[SourceQuality "1"]

1. e4 e5 2. Nf3 Nc6 3. Bb5 a6 4. Ba4 Nf6 5. 0-0 Be7 6. Re1 b5 7. Bb3 d6 8. h3 Na5 9. d4 exd4 10. e5 dxe5 11. Nxe5 0-0 12. Bd2 b4 13. Ba4 Be6 14. Qe2 Qd5 15. Nxf7 Kxf7 16. a3 Rfb8 17. Bf4 Bd6 18. axb4 Bxf4 19. bxa5 Rxb2 20. Bb3 Qxb3 21. cxb3 Rxe2 22. Rxe2 d3 23. Rd2 Bxd2 24. Nxd2 Rc8 25. Rc1 Bd7 26. Kf1 Bb5 27. Rc5 c6 28. Ke1 Re8+ 29. Kd1 Ne4 30. Rf5+ Kg6 31. Nxe4 Rxe4 32. g4 Re2 33. h4 h6 34. f4 Rh2 35. h5+ Kh7 36. Re5 Rh4 37. g5 Rxh5 38. Re7 hxg5 39. f5 Rh6 40. Kd2 Rf6 0-1

[Event "Harburg-chE 6th"]
[Site "Hamburg"]
[Date "2008.07.20"]
[Round "4"]
[White "Herrmann, Sebastian"]
[Black "Schwarzkopf, Joerg"]
[Result "1-0"]
[WhiteElo "1810"]
[BlackElo "1617"]
[PlyCount "105"]
[EventDate "2008.07.18"]
[EventType "tourn"]
[EventRounds "5"]
[EventCountry "GER"]
[SourceTitle "EXT 2009"]
[Source "ChessBase"]
[SourceDate "2008.11.26"]
[SourceVersion "1"]
[SourceVersionDate "2008.11.26"]
[SourceQuality "1"]

1. e4 Nf6 2. e5 Nd5 3. c4 Nb6 4. d4 d6 5. exd6 cxd6 6. Nc3 g6 7. Bd3 Bg7 8. Be3 0-0 9. Nge2 Nc6 10. b3 e5 11. dxe5 dxe5 12. 0-0 f5 13. c5 Nd7 14. f3 b6 15. Bb5 Bb7 16. Qd5+ Kh8 17. Bxc6 Bxc6 18. Qxc6 Rc8 19. Qd5 Nxc5 20. Qxd8 Rfxd8 21. Bxc5 Rxc5 22. Rfd1 Rdc8 23. Na4 Rc2 24. Rac1 Bh6 25. Rxc2 Be3+ 26. Kf1 Rxc2 27. Nac3 a6 28. Ke1 b5 29. g3 b4 30. Nd5 Bc5 31. Rc1 Rxc1+ 32. Nxc1 a5 33. Nd3 Bd4 34. Ne7 e4 35. fxe4 fxe4 36. Nf2 e3 37. Nd1 Kg7 38. Ke2 Kf7 39. Nc6 Bb6 40. Nxe3 Ke6 41. Nc4 Kd5 42. Nxb6+ Kxc6 43. Nc4 Kb5 44. Kd3 a4 45. Kd4 axb3 46. axb3 Kc6 47. Ke5 Kc5 48. g4 h5 49. gxh5 gxh5 50. h4 Kc6 51. Ne3 Kc5 52. Nf5 Kc6 53. Ng7 1-0

[Event "Harburg-chE 6th"]
[Site "Hamburg"]
[Date "2008.07.18"]
[Round "1"]
[White "Herrmann, Sebastian"]
[Black "Lehmkuhl, Stefan"]
[Result "1-0"]
[WhiteElo "1810"]
[BlackElo "1978"]
[PlyCount "105"]
[EventDate "2008.07.18"]
[EventType "tourn"]
[EventRounds "5"]
[EventCountry "GER"]
[SourceTitle "EXT 2009"]
[Source "ChessBase"]
[SourceDate "2008.11.26"]
[SourceVersion "1"]
[SourceVersionDate "2008.11.26"]
[SourceQuality "1"]

1. e4 g6 2. d4 Bg7 3. Nc3 d6 4. Be3 Nc6 5. Qd2 e5 6. dxe5 Nxe5 7. 0-0-0 Nf6 8. f4 Nc6 9. h3 Qe7 10. Nd5 Qd7 11. Bd3 Nxd5 12. exd5 Ne7 13. Be2 Qa4 14. Kb1 Nf5 15. Bf2 Bh6 16. g4 Ne7 17. Qc3 0-0 18. f5 gxf5 19. Rd4 Qd7 20. gxf5 Nxf5 21. Rg4+ Bg7 22. Bd3 f6 23. Ne2 Qe7 24. Rhg1 Rf7 25. Nf4 Qe5 26. Nh5 Qxc3 27. bxc3 Kf8 28. Bxf5 Bxf5 29. Rxg7 Bg6 30. Rxf7+ Kxf7 31. Nf4 Bf5 32. Re1 a6 33. Kc1 Rg8 34. Kd2 Rg5 35. Bh4 Rg8 36. Nh5 Rg2+ 37. Re2 Bxh3 38. Rxg2 Bxg2 39. Nxf6 h6 40. Ke3 c6 41. c4 Bf1 42. dxc6 bxc6 43. Kd4 Ke6 44. c5 d5 45. Nh5 Bc4 46. a3 Kf5 47. Be7 Kg4 48. Nf6+ Kf5 49. Ne8 h5 50. Nd6+ Ke6 51. Nxc4 Kxe7 52. Ne5 h4 53. Ng6+ 1-0

[Event "Karl Mala Memorial op 11th"]
[Site "Frankfurt"]
[Date "2008.06.27"]
[Round "2"]
[White "Wobbe, Sven"]
[Black "Herrmann, Sebastian"]
[Result "1/2-1/2"]
[WhiteElo "2179"]
[BlackElo "1810"]
[PlyCount "86"]
[EventDate "2008.06.26"]
[EventType "swiss"]
[EventRounds "7"]
[EventCountry "GER"]
[SourceTitle "CBM 125 Extra"]
[Source "ChessBase"]
[SourceDate "2008.09.01"]
[SourceVersion "1"]
[SourceVersionDate "2008.09.01"]
[SourceQuality "1"]

1. e4 e5 2. Nf3 Nc6 3. Bb5 a6 4. Ba4 Nf6 5. 0-0 Nxe4 6. d4 b5 7. Bb3 d5 8. dxe5 Be6 9. Nbd2 Nc5 10. Re1 Be7 11. c3 Bg4 12. h3 Bh5 13. Nf1 Nxb3 14. axb3 0-0 15. Ng3 Bg6 16. Be3 Re8 17. Qd2 Qd7 18. Red1 Red8 19. Bg5 h6 20. Bxe7 Qxe7 21. Re1 Be4 22. Nd4 Nxd4 23. cxd4 c5 24. Qe3 cxd4 25. Qxd4 Bg6 26. Rec1 Qa7 27. Ne2 Qb7 28. Rc5 Rac8 29. Rac1 Bf5 30. b4 Be6 31. Qe3 a5 32. bxa5 Rxc5 33. Rxc5 Qa7 34. b4 d4 35. Nxd4 Qd7 36. Nxb5 Qd1+ 37. Kh2 Rd3 38. Qc1 Qh5 39. f3 Rxf3 40. gxf3 Qxh3+ 41. Kg1 Qg3+ 42. Kh1 Qh3+ 43. Kg1 Qg3+ 1/2-1/2

[Event "Karl Mala Memorial op 11th"]
[Site "Frankfurt"]
[Date "2008.06.26"]
[Round "1"]
[White "Herrmann, Sebastian"]
[Black "Blumenstein, Jan"]
[Result "1/2-1/2"]
[WhiteElo "1810"]
[BlackElo "2173"]
[PlyCount "81"]
[EventDate "2008.06.26"]
[EventType "swiss"]
[EventRounds "7"]
[EventCountry "GER"]
[SourceTitle "CBM 125 Extra"]
[Source "ChessBase"]
[SourceDate "2008.09.01"]
[SourceVersion "1"]
[SourceVersionDate "2008.09.01"]
[SourceQuality "1"]

1. e4 c5 2. Nf3 Nc6 3. d4 cxd4 4. Nxd4 Nf6 5. Nc3 e5 6. Ndb5 d6 7. Bg5 a6 8. Na3 b5 9. Bxf6 gxf6 10. Nd5 Bg7 11. c3 f5 12. Bd3 Ne7 13. Nxe7 Qxe7 14. Qf3 d5 15. Qg3 0-0 16. exf5 e4 17. Be2 Bxf5 18. Nc2 Kh8 19. Ne3 Be6 20. f4 f5 21. 0-0 d4 22. cxd4 Bxd4 23. Rad1 Qa7 24. Rxd4 Qxd4 25. Rd1 Qxb2 26. Rd6 Rg8 27. Qe1 Qf6 28. Kf1 Rgd8 29. Rc6 Qd4 30. Rxe6 Qxe3 31. Qa1+ Qd4 32. Re8+ Kg7 33. Qxd4+ Rxd4 34. Rxa8 Ra4 35. h3 h6 36. g4 e3 37. Kg2 Rxf4 38. Ra7+ Kg8 39. Kg3 Rf2 40. Ra8+ Kg7 41. Ra7+ 1/2-1/2